logo

Bir Sreshtho Munshi Abdur Rouf Library
Jhenaidah Cadet College

Public policy and politics in America / (Record no. 7529)

MARC details
000 -LEADER
fixed length control field 01146pam a2200337 a 4500
001 - CONTROL NUMBER
JCCL Control Number 7529
003 - CONTROL NUMBER IDENTIFIER
JCCL marc code BD-JhCC
005 - DATE AND TIME OF LATEST TRANSACTION
control field 20180211115313.0
008 - FIXED-LENGTH DATA ELEMENTS--GENERAL INFORMATION
fixed length control field 831014s1984 caua b 001 0 eng
020 ## - INTERNATIONAL STANDARD BOOK NUMBER
International Standard Book Number 0534030947 (pbk.) :
Terms of availability $18.00
035 ## - SYSTEM CONTROL NUMBER
system control number (BD-JhCC)7529
040 ## - CATALOGING SOURCE
Original cataloging agency DLC
Transcribing agency DLC
Modifying agency DLC
-- BD-JhCC
041 ## - LANGUAGE CODE
Language code of Book eng
050 00 - LIBRARY OF CONGRESS CALL NUMBER
Classification number JK271
Item number .P8 1984
082 00 - DEWEY DECIMAL CLASSIFICATION NUMBER
Classification number 361.6/1/0973
DDC Edition number 19
Author mark and Year PUB 1984
245 00 - TITLE STATEMENT
Title Public policy and politics in America /
Statement of responsibility, etc James E. Anderson ... [et al.].
250 ## - EDITION STATEMENT
Edition statement 2nd ed.
260 ## - PUBLICATION, DISTRIBUTION, ETC. (IMPRINT)
Place of publication, distribution, etc Monterey, Calif. :
Name of publisher, distributor, etc Brooks/Cole Pub. Co.,
Date of publication, distribution, etc c1984.
300 ## - PHYSICAL DESCRIPTION
Pagination xiv, 422 p. :
Other physical details ill. ;
Dimensions 24 cm.
440 #4 -
Title The Brooks/Cole series on public policy
500 ## - GENERAL NOTE
General note Rev. ed. of: Public policy and politics in America / James E. Anderson. c1978.
504 ## - BIBLIOGRAPHY, ETC. NOTE
Bibliography, etc Includes bibliographies and index.
650 #0 - SUBJECT ADDED ENTRY--TOPICAL TERM
Topical term or geographic name as entry element Policy sciences.
651 #0 - SUBJECT ADDED ENTRY--GEOGRAPHIC NAME
Geographic name United States
General subdivision Politics and government.
651 #0 - SUBJECT ADDED ENTRY--GEOGRAPHIC NAME
Geographic name United States
General subdivision Economic policy.
651 #0 - SUBJECT ADDED ENTRY--GEOGRAPHIC NAME
Geographic name United States
General subdivision Social policy.
700 1# - ADDED ENTRY--PERSONAL NAME
Personal name Anderson, James E.
700 1# - ADDED ENTRY--PERSONAL NAME
Personal name Anderson, James E.
Title of a work Public policy and politics in America.
942 ## - ADDED ENTRY ELEMENTS (KOHA)
Source of classification or shelving scheme Dewey Decimal Classification
Koha item type Books
Holdings
Source of classification or shelving scheme Damaged status Not for loan Home library Current library Shelving location Total Checkouts Full call number Barcode Date last seen Copy number Koha item type
Dewey Decimal Classification     JCC Rouf Library JCC Rouf Library General Stacks   361.6/1/0973 PUB 1984 10128 02/11/2018 C - 1 Books

JCC Library | Contacts | JCC Home

Last Update on 23 September 2017
Copyright @ 2017-2020 JCC Rouf Library
Rouf Library, Jhenidah Cadet College (JCC), Bangladesh